00459 2200169 4500001002100000008004100021035002000062245004900082100002700131260003700158300002100195020002200216084001400238082000800252650002000260990000900280INLIS000000000002973 ind  a0010-0523000090 aNothing is ImpossiblecKanita Desfara Adzani aAdzani, Kanita Desfara aBandung:bPT Mizan Pustakac2014 a120 hlm.c21 cm. a978-602-242-138-2 a899 NOT k a899 aFiksi Indonesia a2988